Alle Länder des Kaisertums Österreich - Statistiken

Allgemein
  • Dieses Quiz wurde 17 mal gespielt
  • Das Durchschnittsergebnis liegt bei 10 aus 12
Antwortstatistiken
Antwort % Korrekt
Tschechien
100%
Ungarn
100%
Bosnien
93%
Italien
93%
Kroatien
93%
Österreich
87%
Slowakei
87%
Slowenien
87%
Polen
80%
Serbien
80%
Rumänien
60%
Ukraine
60%
Keine übereinstimmenden Quizze gefunden
Verteilung der Resultate
Anzahl Personen mit jedem Resultat
Perzentil nach korrekt beantworteten Fragen
Ihre Resultats-Entwicklung
Sie haben dieses Quiz noch nicht gespielt